000 00317nam a22001337a 4500
008 181011b xxu||||| |||| 00| 0 eng d
020 _a9780195440201
041 _aeng
080 _22nd
_a330
100 _a52
101 _aMBE
245 _aIntroduction to International Development
_cHaslam, P.A
942 _2udc
_cBK
999 _c49406
_d49406